Logo BPK

Biblioteka

Politechniki Koszalińskiej

Kodeks pracy : (Rekord nr 42597)

Szczegóły MARC
000 -ETYKIETA REKORDU
podpole kontrolne o stałej długości 00919nam a2200265 i 4500
001 - NUMER KONTROLNY REKORDU
pole kontrolne bg
020 ## - MIĘDZYNARODOWY ZNORMALIZOWANY NUMER KSIĄŻKI - ISBN
ISBN 8373341730
040 ## - ŹRÓDŁO KATALOGOWANIA
Instytucja, która utworzyła rekord BPK
041 0# - KOD JĘZYKA
Kod języka tekstu pol
080 ## - UNIWERSALNA KLASYFIKACJA DZIESIĘTNA - UKD
UKD 349.2(438)(094.4.07)
920 ## - Międzynarodowy znormalizowany numer książki – ISBN
ISBN 83-7334-173-0
008 - POLE O STAŁEJ DŁUGOŚCI - DANE KONTROLNE
podpole kontrolne o stałej długości s pl f |000 0 pol
100 1# - NAZWA OSOBOWA
Nazwa osobowa GERSDORF, Małgorzata
245 10 - TYTUŁ/ODPOWIEDZIALNOŚĆ
Tytuł Kodeks pracy :
Ciąg dalszy tytułu komentarz /
Pozostałe elementy strefy tytułu i oznaczenia odpowiedzialności Małgorzata Gersdorf, Krzysztof Rączka, Jacek Skoczyński ; pod red. Zbigniewa Salwy.
250 ## - STREFA WYDANIA
Oznaczenie wydania Wyd. 5, stan prawny na dzień 1 lutego 2003 r.
260 ## - STREFA ADRESU WYDAWNICZEGO
Miejsce wydania Warszawa :
Nazwa wydawcy/dystrybutora Wydaw. Prawnicze "LexisNexis",
Data publikacji, dystrybucji/powstania dokumentu 2003.
300 ## - STREFA OPISU FIZYCZNEGO
Objętość 874, [1] s. ;
Rozmiary 25 cm.
504 ## - UWAGA DOTYCZĄCA BIBLIOGRAFII
Informacje o bibliografii Bibliogr.
650 #9 - HASŁO PRZEDMIOTOWE W FORMIE NAZWY OGÓLNEJ LUB JEDNOSTKOWEJ
Nazwa ogólna lub geograficzna Prawo pracy
Określnik geograficzny Polska
Określnik chronologiczny stan na 2003 r.
700 1# - HASŁO DODATKOWE - NAZWA OSOBOWA
Nazwa osobowa RĄCZKA, Krzysztof
700 1# - HASŁO DODATKOWE - NAZWA OSOBOWA
Nazwa osobowa SKOCZYŃSKI, Jacek
Daty związane z nazwą (1957- )
700 1# - HASŁO DODATKOWE - NAZWA OSOBOWA
Nazwa osobowa SALWA, Zbigniew
Daty związane z nazwą (1926- ).
Określenie związku między hasłem a opisywanym materiałem Red.
856 ## - LOKALIZACJA I DOSTĘP DO ELEKTRONICZNYCH DOKUMENTÓW ZDALNYCH
Link (URL) http://koha.tu.koszalin.pl/cgi-bin/koha/opac-detail.pl?biblionumber=42597
Tekst linku Katalog online BPK
942 ## - DODATKOWE ELEMENTY (KOHA)
Typ dokumentu Książka
Egzemplarze
Wycofany Status egzemplarza Uszkodzony Dostępność Lokalizacja stała Lokalizacja bieżąca Miejsce przechowywania Sygnatura Kod kreskowy Typ dokumentu
      Tylko na miejscu Biblioteka Politechniki Koszalińskiej Biblioteka Politechniki Koszalińskiej Czytelnia Wydziałowa ul. Kwiatkowskiego 6e 66957 01980042 Książka
© 2023 Biblioteka Politechniki Koszalińskiej :: KOHA